-
STARKEY, CHAD AND BROWN, SARA D; &RYAN, JEFFREY L
Entry Personal Name
Number of records used in: 1
001 - CONTROL NUMBER
003 - CONTROL NUMBER IDENTIFIER
005 - DATE AND TIME OF LATEST TRANSACTION
- control field:
20230821105947.0
008 - FIXED-LENGTH DATA ELEMENTS
- fixed length control field:
230821|| aca||aabn | a|a d
040 ## - CATALOGING SOURCE
- Original cataloging agency:
JRU
- Transcribing agency:
JRU
100 ## - HEADING--PERSONAL NAME
- Personal name:
STARKEY, CHAD AND BROWN, SARA D; &RYAN, JEFFREY L
670 ## - SOURCE DATA FOUND
- Source citation:
Work cat.: (JRU)8385: STARKEY, CHAD AND BROWN, SARA D; &RYAN, JEFFREY L., EXAMINATION OF ORTHOPEDIC AND ATHLETIC INJURIES, 2011